|
|
|
|
| LEADER |
00000nam a2200000 a 4500 |
| 001 |
vtls001417549 |
| 003 |
SK-MaSNL |
| 005 |
20260301072221.0 |
| 008 |
240315s2001 xo r 0 slo |
| 015 |
|
|
|a SNBA2001/12-04141
|
| 020 |
|
|
|a 8088960487
|
| 035 |
|
|
|a SNK000372333
|
| 040 |
|
|
|a SNK
|b slo
|c SNK
|e AACR2
|
| 041 |
0 |
|
|a slo
|
| 044 |
|
|
|a xo
|c SK
|
| 080 |
|
|
|a 242
|2 1981
|
| 100 |
1 |
|
|a Venden, Morris L.
|4 aut
|9 391286
|
| 245 |
1 |
|
|a Viera, ktorá funguje
|b s Božím slovom na každý deň 2001
|c Morris L. Venden ; [preklad Marcela Bieliková, Lea Danihelová]
|
| 260 |
|
|
|a Vrútky
|b Advent-Orion
|c 2001
|
| 300 |
|
|
|a 371 s.
|c 17 cm
|
| 500 |
|
|
|a Ilustr. na tit. strane
|
| 500 |
|
|
|a Údaj o prekl. prevzatý z tiráže
|
| 650 |
0 |
7 |
|a úvahy náboženské
|2 SNK
|9 294169
|
| 655 |
|
7 |
|a príručky
|2 SNK
|9 74364
|
| 700 |
1 |
|
|a Bieliková, Marcela
|4 trl
|9 11719
|
| 700 |
1 |
|
|a Danihelová, Lea
|4 trl
|9 325068
|
| 919 |
|
|
|a 80-88960-48-7
|
| 958 |
|
|
|a TL
|
| 958 |
|
|
|a OP
|
| 958 |
|
|
|a NT
|
| 958 |
|
|
|a NS
|
| 968 |
|
|
|b ENG
|
| 999 |
|
|
|c 640360
|d 642290
|
| 952 |
|
|
|t P60, <04>, [BOOK], {604}
|a SNK
|b SNK
|y VYP
|7 0
|p 17A0308855
|o snkSD 71697 D1
|i snkKSP 9006/2001
|0 0
|1 0
|4 0
|d 2001-07-31
|l 0
|r 2005-01-02 00:00:00
|w 2026-02-23
|
| 952 |
|
|
|t P60, <03>, [BOOK], {603}
|a SNK
|b SNK
|y PREZ
|7 0
|p 17A0308854
|o snkSD 71697
|i snkKSP 9005/2001
|0 0
|1 0
|4 0
|d 2001-07-31
|l 0
|r 2005-01-02 00:00:00
|w 2026-02-23
|